[Event "71st RUS-ch Higher League 2018"]
[Site "Yaroslavl"]
[Date "2018.07.04"]
[Round "8"]
[White "Sakaev, Konstantin"]
[Black "Predke, Alexandr"]
[Result "1/2-1/2"]
[WhiteElo "2580"]
[BlackElo "2613"]
[Annotator "ChessBase"]
[PlyCount "214"]
[EventDate "2018.06.26"]
[EventType "swiss"]
[EventCountry "RUS"]
[SourceTitle "playchess.com"]
[Source "ChessBase"]
[SourceQuality "1"]
[TimeControl "40/5400+30:1800+30"]

1. d4 {[%emt 0:00:00]} Nf6 {[%emt 0:01:17]} 2. c4 {[%emt 0:00:00]} e6 {[%emt 0:00:17]} 3. Nf3 {[%emt 0:00:00]} b6 {[%emt 0:00:09]} 4. g3 {[%emt 0:00:34]} Bb7 {[%emt 0:00:14]} 5. Bg2 {[%emt 0:00:05]} Bb4+ {[%emt 0:00:13]} 6. Nbd2 {[%emt 0:00:18]} O-O {[%emt 0:00:42]} 7. O-O {[%emt 0:00:10]} a5 {[%emt 0:00:08]} 8. Qc2 {[%emt 0:02:15]} c5 {[%emt 0:00:55]} 9. Rd1 {[%emt 0:05:50]} cxd4 {[%emt 0:11:15]} 10. Nxd4 {[%emt 0:01:23]} Bxg2 {[%emt 0:03:36]} 11. Kxg2 {[%emt 0:00:10]} Qc7 {[%emt 0:00:45]} 12. b3 {[%emt 0:06:20]} Rc8 {[%emt 0:16:53]} 13. Bb2 {[%emt 0:07:48]} Qb7+ {[%emt 0:00:45]} 14. N4f3 {[%emt 0:04:41]} Be7 {[%emt 0:01:23]} 15. Rac1 {[%emt 0:01:52]} d5 {[%emt 0:06:02]} 16. Qb1 {[%emt 0:04:56]} Nbd7 {[%emt 0:00:48]} 17. cxd5 {[%emt 0:00:52]} Nxd5 {[%emt 0:05:16]} 18. Rxc8+ {[%emt 0:04:13]} Rxc8 {[%emt 0:00:14]} 19. Rc1 {[%emt 0:00:08]} Rxc1 {[%emt 0:03:22]} 20. Qxc1 {[%emt 0:00:19]} b5 {[%emt 0:00:33]} 21. Kg1 {[%emt 0:01:02]} h6 {[%emt 0:06:36]} 22. Bd4 {[%emt 0:06:49]} Bf8 {[%emt 0:01:00]} 23. Qc2 {[%emt 0:05:50]} Nb4 {[%emt 0:02:19]} 24. Qb2 {[%emt 0:00:20]} Qd5 {[%emt 0:03:20]} 25. Nb1 {[%emt 0:02:55]} Nc6 {[%emt 0:07:32]} 26. Nc3 {[%emt 0:01:17]} Qf5 {[%emt 0:00:36]} 27. Qb1 {[%emt 0:01:19]} Qxb1+ {[%emt 0:03:27]} 28. Nxb1 {[%emt 0:00:09]} e5 {[%emt 0:10:27]} 29. Be3 {[%emt 0:01:34]} Bb4 {[%emt 0:02:24]} 30. Kf1 {[%emt 0:04:54]} f5 {[%emt 0:02:40]} 31. Ne1 {[%emt 0:00:17]} Kf7 {[%emt 0:03:19]} 32. Nd3 {[%emt 0:04:32]} Bf8 {[%emt 0:00:47]} 33. Nc3 {[%emt 0:01:21]} e4 {[%emt 0:00:33]} 34. Nf4 {[%emt 0:06:38]} b4 {[%emt 0:00:47]} 35. Na4 {[%emt 0:00:23]} g5 {[%emt 0:01:53]} 36. Nd5 {[%emt 0:00:15]} Bd6 {[%emt 0:00:52]} 37. f3 {[%emt 0:04:08]} Ke6 {[%emt 0:01:56]} 38. fxe4 {[%emt 0:00:17]} Ke5 {[%emt 0:02:27]} 39. Ndb6 {[%emt 0:08:56]} Kxe4 {[%emt 0:00:25]} 40. Nc4 {[%emt 0:00:00]} Bc7 {[%emt 0:00:00]} 41. Bf2 {[%emt 0:08:36]} h5 {[%emt 0:08:08]} 42. Nd2+ {[%emt 0:02:06]} Kd5 {[%emt 0:00:40]} 43. Be3 {[%emt 0:00:13]} g4 {[%emt 0:01:12]} 44. Bg5 {[%emt 0:02:25]} Nf8 {[%emt 0:05:05]} 45. e3 {[%emt 0:02:13]} Nh7 {[%emt 0:05:40]} 46. Bh6 {[%emt 0:02:42]} Nf6 {[%emt 0:00:44]} 47. Nb2 {[%emt 0:11:38]} Ke6 {[%emt 0:06:43]} 48. Nd3 {[%emt 0:02:05]} Nd5 {[%emt 0:00:03]} 49. Nc4 {[%emt 0:00:46]} Nc3 {[%emt 0:01:00]} 50. a3 {[%emt 0:03:53]} bxa3 {[%emt 0:00:17]} 51. Nxa3 {[%emt 0:00:10]} Kd5 {[%emt 0:03:10]} 52. Bg7 {[%emt 0:01:14]} Ne4 {[%emt 0:01:25]} 53. Ke2 {[%emt 0:02:27]} Ng5 {[%emt 0:00:37]} 54. Nb5 {[%emt 0:00:54]} Bb8 {[%emt 0:00:03]} 55. Nc3+ {[%emt 0:03:39]} Ke6 {[%emt 0:00:05]} 56. Ne1 {[%emt 0:00:11]} Kf7 {[%emt 0:02:51]} 57. Bh8 {[%emt 0:01:01]} Bd6 {[%emt 0:00:53]} 58. Nb5 {[%emt 0:00:33]} Bb8 {[%emt 0:00:52]} 59. Bd4 {[%emt 0:03:10]} Ne4 {[%emt 0:01:08]} 60. Ng2 {[%emt 0:01:33]} Ne5 {[%emt 0:00:33]} 61. Nh4 {[%emt 0:02:49]} Ke6 {[%emt 0:00:37]} 62. Bb6 {[%emt 0:00:36]} Nc6 {[%emt 0:00:17]} 63. Ng2 {[%emt 0:00:54]} Kd5 {[%emt 0:00:39]} 64. Nf4+ {[%emt 0:00:15]} Bxf4 {[%emt 0:00:04]} 65. exf4 {[%emt 0:00:02]} a4 {[%emt 0:00:58]} 66. bxa4 {[%emt 0:00:11]} Kc4 {[%emt 0:00:02]} 67. Ke3 {[%emt 0:00:53]} Nb4 {[%emt 0:00:41]} 68. Bd8 {[%emt 0:00:22]} Nd5+ {[%emt 0:00:31]} 69. Ke2 {[%emt 0:00:06]} Ndc3+ {[%emt 0:00:37]} 70. Nxc3 {[%emt 0:00:08]} Nxc3+ {[%emt 0:00:03]} 71. Ke3 {[%emt 0:00:19]} Nxa4 {[%emt 0:00:04]} 72. Bf6 {[%emt 0:00:26]} Nb6 {[%emt 0:01:00]} 73. Be5 {[%emt 0:00:08]} Nd5+ {[%emt 0:00:43]} 74. Ke2 {[%emt 0:00:07]} Nb4 {[%emt 0:00:33]} 75. Bf6 {[%emt 0:00:32]} Kb3 {[%emt 0:00:49]} 76. Kd2 {[%emt 0:00:26]} Kc4 {[%emt 0:00:19]} 77. Ke2 {[%emt 0:00:13]} Nc2 {[%emt 0:00:06]} 78. Kd2 {[%emt 0:01:14]} Na3 {[%emt 0:01:03]} 79. Ke2 {[%emt 0:00:19]} Nb5 {[%emt 0:00:13]} 80. Kd2 {[%emt 0:00:59]} Nd6 {[%emt 0:00:16]} 81. Ke2 {[%emt 0:00:27]} Ne4 {[%emt 0:00:20]} 82. Bg7 {[%emt 0:00:47]} Nc5 {[%emt 0:01:07]} 83. Kd2 {[%emt 0:01:07]} Nd3 {[%emt 0:00:22]} 84. Ke3 {[%emt 0:00:18]} Ne1 {[%emt 0:00:16]} 85. Ke2 {[%emt 0:00:40]} Nf3 {[%emt 0:00:30]} 86. h4 {[%emt 0:00:22]} Nh2 {[%emt 0:00:33]} 87. Bf6 {[%emt 0:00:49]} Kd5 {[%emt 0:00:07]} 88. Bg7 {[%emt 0:00:41]} Ke4 {[%emt 0:00:12]} 89. Bh8 {[%emt 0:00:22]} Nf3 {[%emt 0:00:45]} 90. Bf6 {[%emt 0:00:27]} Kd5 {[%emt 0:00:26]} 91. Kd3 {[%emt 0:00:42]} Kc5 {[%emt 0:01:08]} 92. Be7+ {[%emt 0:00:12]} Kb5 {[%emt 0:00:10]} 93. Bf8 {[%emt 0:00:33]} Ka4 {[%emt 0:00:28]} 94. Bc5 {[%emt 0:00:42]} Kb3 {[%emt 0:00:33]} 95. Ke2 {[%emt 0:00:34]} Kc3 {[%emt 0:00:48]} 96. Bf2 {[%emt 0:00:24]} Kb2 {[%emt 0:00:32]} 97. Bb6 {[%emt 0:00:47]} Kc1 {[%emt 0:00:15]} 98. Bc5 {[%emt 0:00:21]} Kc2 {[%emt 0:00:08]} 99. Be3 {[%emt 0:00:10]} Kb3 {[%emt 0:00:19]} 100. Bb6 {[%emt 0:00:36]} Kc4 {[%emt 0:00:27]} 101. Bf2 {[%emt 0:00:36]} Kc3 {[%emt 0:00:11]} 102. Bb6 {[%emt 0:00:17]} Kc2 {[%emt 0:00:08]} 103. Be3 {[%emt 0:00:11]} Kc3 {[%emt 0:00:05]} 104. Bb6 {[%emt 0:00:07]} Kc4 {[%emt 0:00:15]} 105. Bf2 {[%emt 0:00:39]} Kb5 {[%emt 0:00:53]} 106. Kd3 {[%emt 0:00:15]} Kb4 {[%emt 0:00:07]} 107. Ke2 {[%emt 0:00:17]} Kc3 {[%emt 0:00:06]} 1/2-1/2

[Event "71st RUS-ch Higher League 2018"]
[Site "Yaroslavl"]
[Date "2018.07.04"]
[Round "8"]
[White "Moskalenko, Alexander"]
[Black "Oganian, Miran"]
[Result "1/2-1/2"]
[WhiteElo "2558"]
[BlackElo "2432"]
[Annotator "ChessBase"]
[PlyCount "90"]
[EventDate "2018.06.26"]
[EventType "swiss"]
[EventCountry "RUS"]
[SourceTitle "playchess.com"]
[Source "ChessBase"]
[SourceQuality "1"]
[TimeControl "40/5400+30:1800+30"]

1. e4 {[%emt 0:00:00]} c5 {[%emt 0:00:00]} 2. Nc3 {[%emt 0:00:00]} Nc6 {[%emt 0:02:08]} 3. Bb5 {[%emt 0:01:54]} Nd4 {[%emt 0:02:26]} 4. Nf3 {[%emt 0:00:58]} e6 {[%emt 0:01:28]} 5. O-O {[%emt 0:04:26]} a6 {[%emt 0:07:53]} 6. Bd3 {[%emt 0:01:11]} Ne7 {[%emt 0:00:19]} 7. Nxd4 {[%emt 0:01:22]} cxd4 {[%emt 0:00:04]} 8. Ne2 {[%emt 0:00:07]} Nc6 {[%emt 0:00:36]} 9. c3 {[%emt 0:00:07]} Bc5 {[%emt 0:18:57]} 10. b4 {[%emt 0:00:56]} Be7 {[%emt 0:00:38]} 11. f4 {[%emt 0:11:21]} O-O {[%emt 0:05:24]} 12. a3 {[%emt 0:03:22]} d6 {[%emt 0:04:05]} 13. Kh1 {[%emt 0:16:43]} Bf6 {[%emt 0:03:41]} 14. Bb2 {[%emt 0:00:30]} dxc3 {[%emt 0:02:16]} 15. dxc3 {[%emt 0:02:12]} b5 {[%emt 0:01:43]} 16. Qc2 {[%emt 0:03:06]} g6 {[%emt 0:01:40]} 17. c4 {[%emt 0:01:14]} bxc4 {[%emt 0:02:04]} 18. Bxc4 {[%emt 0:01:43]} Bb7 {[%emt 0:03:19]} 19. Rad1 {[%emt 0:14:34]} Bxb2 {[%emt 0:02:45]} 20. Qxb2 {[%emt 0:00:01]} Ne7 {[%emt 0:03:50]} 21. Bd3 {[%emt 0:12:27]} d5 {[%emt 0:06:22]} 22. f5 {[%emt 0:00:39]} exf5 {[%emt 0:03:11]} 23. exf5 {[%emt 0:00:20]} Qd6 {[%emt 0:00:15]} 24. Ng3 {[%emt 0:08:02]} Nc6 {[%emt 0:03:21]} 25. Be4 {[%emt 0:00:35]} Qe5 {[%emt 0:07:35]} 26. Qxe5 {[%emt 0:00:39]} Nxe5 {[%emt 0:00:06]} 27. Bxd5 {[%emt 0:00:04]} Bxd5 {[%emt 0:00:20]} 28. Rxd5 {[%emt 0:00:05]} Nc4 {[%emt 0:00:25]} 29. Rd3 {[%emt 0:01:30]} a5 {[%emt 0:04:55]} 30. Rc1 {[%emt 0:01:58]} axb4 {[%emt 0:02:30]} 31. axb4 {[%emt 0:04:17]} Rfb8 {[%emt 0:04:15]} 32. Kg1 {[%emt 0:02:30]} Ra3 {[%emt 0:05:21]} 33. Rxa3 {[%emt 0:04:20]} Nxa3 {[%emt 0:00:05]} 34. f6 {[%emt 0:00:11]} h6 {[%emt 0:02:23]} 35. Ne4 {[%emt 0:01:07]} Rxb4 {[%emt 0:00:30]} 36. Rc8+ {[%emt 0:00:24]} Kh7 {[%emt 0:00:03]} 37. Nd6 {[%emt 0:00:09]} Rb6 {[%emt 0:01:05]} 38. Nxf7 {[%emt 0:01:31]} Rxf6 {[%emt 0:00:08]} 39. Rc7 {[%emt 0:00:07]} Nb5 {[%emt 0:00:40]} 40. Rd7 {[%emt 0:00:00]} Nc3 {[%emt 0:00:00]} 41. h4 {[%emt 0:04:59]} h5 {[%emt 0:03:40]} 42. Kh2 {[%emt 0:01:39]} Kg8 {[%emt 0:02:01]} 43. Ne5 {[%emt 0:03:06]} Re6 {[%emt 0:02:18]} 44. Nd3 {[%emt 0:02:22]} Re4 {[%emt 0:05:03]} 45. Kg3 {[%emt 0:02:38]} Rd4 1/2-1/2

[Event "71st RUS-ch Higher League 2018"]
[Site "Yaroslavl"]
[Date "2018.07.04"]
[Round "8"]
[White "Lomasov, Semen"]
[Black "Yanchenko, Roman"]
[Result "1/2-1/2"]
[WhiteElo "2549"]
[BlackElo "2462"]
[Annotator "ChessBase"]
[PlyCount "81"]
[EventDate "2018.06.26"]
[EventType "swiss"]
[EventCountry "RUS"]
[SourceTitle "playchess.com"]
[Source "ChessBase"]
[SourceQuality "1"]
[TimeControl "40/5400+30:1800+30"]

1. e4 {[%emt 0:00:00]} e6 {[%emt 0:00:00]} 2. d4 {[%emt 0:00:00]} d5 {[%emt 0:00:00]} 3. Nc3 {[%emt 0:00:00]} Bb4 {[%emt 0:00:00]} 4. e5 {[%emt 0:00:00]} Ne7 {[%emt 0:00:00]} 5. a3 {[%emt 0:00:05]} Bxc3+ {[%emt 0:00:00]} 6. bxc3 {[%emt 0:00:06]} b6 {[%emt 0:00:00]} 7. Qg4 {[%emt 0:00:10]} Kf8 {[%emt 0:00:00]} 8. a4 {[%emt 0:01:04]} h5 {[%emt 0:00:00]} 9. Qf3 {[%emt 0:03:41]} Ba6 {[%emt 0:00:29]} 10. Bxa6 {[%emt 0:00:11]} Nxa6 {[%emt 0:00:02]} 11. a5 {[%emt 0:00:34]} Nb8 {[%emt 0:00:06]} 12. Ne2 {[%emt 0:03:35]} Ng6 {[%emt 0:07:17]} 13. O-O {[%emt 0:12:56]} Nc6 {[%emt 0:00:36]} 14. axb6 {[%emt 0:00:06]} cxb6 {[%emt 0:04:07]} 15. c4 {[%emt 0:01:07]} Rc8 {[%emt 0:00:58]} 16. Ba3+ {[%emt 0:08:41]} Kg8 {[%emt 0:01:51]} 17. cxd5 {[%emt 0:00:07]} exd5 {[%emt 0:05:53]} 18. Bd6 {[%emt 0:02:29]} Nh4 {[%emt 0:04:30]} 19. Qh3 {[%emt 0:17:28]} g6 {[%emt 0:19:51]} 20. c4 {[%emt 0:00:06]} Nf5 {[%emt 0:01:37]} 21. cxd5 {[%emt 0:01:26]} Na5 {[%emt 0:01:07]} 22. Bb4 {[%emt 0:01:43]} Qxd5 {[%emt 0:00:15]} 23. Ng3 {[%emt 0:03:13]} Nxg3 {[%emt 0:01:07]} 24. hxg3 {[%emt 0:01:25]} Kh7 {[%emt 0:04:09]} 25. Bxa5 {[%emt 0:08:19]} bxa5 {[%emt 0:00:02]} 26. g4 {[%emt 0:02:10]} Qxd4 {[%emt 0:07:01]} 27. Rxa5 {[%emt 0:01:34]} Kg7 {[%emt 0:04:17]} 28. Qe3 {[%emt 0:03:51]} Qxe3 {[%emt 0:05:32]} 29. fxe3 {[%emt 0:00:02]} Rc7 {[%emt 0:00:04]} 30. Rfa1 {[%emt 0:02:49]} hxg4 {[%emt 0:04:39]} 31. Rxa7 {[%emt 0:00:12]} Rxa7 {[%emt 0:00:25]} 32. Rxa7 {[%emt 0:00:03]} Re8 {[%emt 0:00:04]} 33. Ra5 {[%emt 0:00:48]} Rb8 {[%emt 0:00:17]} 34. Ra4 {[%emt 0:04:46]} g3 {[%emt 0:00:46]} 35. Kf1 {[%emt 0:00:02]} Rb2 {[%emt 0:00:17]} 36. Rg4 {[%emt 0:00:17]} Rf2+ {[%emt 0:00:11]} 37. Kg1 {[%emt 0:00:02]} Rf5 {[%emt 0:00:05]} 38. Rxg3 {[%emt 0:00:30]} Rxe5 {[%emt 0:00:02]} 39. Kf2 {[%emt 0:00:07]} Ra5 {[%emt 0:00:03]} 40. Rg4 {[%emt 0:00:00]} Rb5 {[%emt 0:00:00]} 41. Ra4 {[%emt 0:00:10]} 1/2-1/2

[Event "71st RUS-ch Higher League 2018"]
[Site "Yaroslavl"]
[Date "2018.07.04"]
[Round "8"]
[White "Triapishko, Alexandr"]
[Black "Vavulin, Maksim"]
[Result "1-0"]
[WhiteElo "2513"]
[BlackElo "2552"]
[Annotator "ChessBase"]
[PlyCount "77"]
[EventDate "2018.06.26"]
[EventType "swiss"]
[EventCountry "RUS"]
[SourceTitle "playchess.com"]
[Source "ChessBase"]
[SourceQuality "1"]
[TimeControl "40/5400+30:1800+30"]

1. e4 {[%emt 0:00:00]} e5 {[%emt 0:00:00]} 2. Nf3 {[%emt 0:00:08]} Nc6 {[%emt 0:00:00]} 3. Bb5 {[%emt 0:01:51]} a6 {[%emt 0:00:04]} 4. Ba4 {[%emt 0:00:08]} Nf6 {[%emt 0:00:53]} 5. O-O {[%emt 0:00:23]} Be7 {[%emt 0:00:27]} 6. d3 {[%emt 0:00:27]} d6 {[%emt 0:01:38]} 7. c3 {[%emt 0:02:10]} O-O {[%emt 0:00:09]} 8. Nbd2 {[%emt 0:00:55]} Nd7 {[%emt 0:01:41]} 9. Re1 {[%emt 0:18:41]} Nb6 {[%emt 0:05:41]} 10. Bb3 {[%emt 0:07:42]} Kh8 {[%emt 0:00:39]} 11. d4 {[%emt 0:01:43]} exd4 {[%emt 0:07:46]} 12. Nxd4 {[%emt 0:05:10]} a5 {[%emt 0:14:25]} 13. N2f3 {[%emt 0:07:49]} a4 {[%emt 0:01:25]} 14. Bc2 {[%emt 0:00:26]} Bg4 {[%emt 0:03:08]} 15. Nxc6 {[%emt 0:12:34]} bxc6 {[%emt 0:00:02]} 16. Qd3 {[%emt 0:00:09]} Bh5 {[%emt 0:03:48]} 17. Nd4 {[%emt 0:01:12]} Qd7 {[%emt 0:00:45]} 18. Nf5 {[%emt 0:04:09]} Bd8 {[%emt 0:01:35]} 19. Bf4 {[%emt 0:09:00]} Bg6 {[%emt 0:02:03]} 20. Rad1 {[%emt 0:02:17]} Re8 {[%emt 0:02:30]} 21. g4 {[%emt 0:00:56]} Qe6 {[%emt 0:06:18]} 22. h4 {[%emt 0:07:20]} h5 {[%emt 0:07:33]} 23. g5 {[%emt 0:07:47]} Qxa2 {[%emt 0:00:55]} 24. Bc1 {[%emt 0:00:55]} Nd7 {[%emt 0:12:24]} 25. f4 {[%emt 0:02:20]} Nc5 {[%emt 0:01:04]} 26. Qd4 {[%emt 0:00:36]} f6 {[%emt 0:05:52]} 27. Qf2 {[%emt 0:04:13]} a3 {[%emt 0:08:15]} 28. bxa3 {[%emt 0:00:26]} Qc4 {[%emt 0:00:03]} 29. Ne3 {[%emt 0:01:14]} Qxc3 {[%emt 0:01:50]} 30. f5 {[%emt 0:00:04]} Bf7 {[%emt 0:02:25]} 31. g6 {[%emt 0:00:25]} Bb3 {[%emt 0:00:04]} 32. Bd2 {[%emt 0:01:15]} Qb2 {[%emt 0:05:56]} 33. Rb1 {[%emt 0:00:22]} Qxa3 {[%emt 0:00:30]} 34. Qf3 {[%emt 0:01:13]} Ba2 {[%emt 0:01:57]} 35. Bb4 {[%emt 0:00:49]} Qa7 {[%emt 0:01:18]} 36. Ra1 {[%emt 0:00:22]} Kg8 {[%emt 0:01:13]} 37. Qxh5 {[%emt 0:00:08]} Qb6 {[%emt 0:00:49]} 38. Qh7+ {[%emt 0:00:29]} Kf8 {[%emt 0:00:01]} 39. Rxa2 {[%emt 0:00:14]} 1-0

[Event "71st RUS-ch Higher League 2018"]
[Site "Yaroslavl"]
[Date "2018.07.04"]
[Round "8"]
[White "Goryachkina, Aleksandra"]
[Black "Paravyan, David"]
[Result "1-0"]
[WhiteElo "2505"]
[BlackElo "2634"]
[Annotator "ChessBase"]
[PlyCount "197"]
[EventDate "2018.06.26"]
[EventType "swiss"]
[EventCountry "RUS"]
[SourceTitle "playchess.com"]
[Source "ChessBase"]
[SourceQuality "1"]
[TimeControl "40/5400+30:1800+30"]

1. d4 {[%emt 0:00:00]} f5 {[%emt 0:01:20]} 2. c4 {[%emt 0:00:00]} Nf6 {[%emt 0:00:06]} 3. g3 {[%emt 0:00:00]} g6 {[%emt 0:00:05]} 4. Nf3 {[%emt 0:00:13]} Bg7 {[%emt 0:00:05]} 5. b4 {[%emt 0:00:11]} b6 {[%emt 0:07:49]} 6. Bb2 {[%emt 0:01:57]} Bb7 {[%emt 0:03:40]} 7. Bg2 {[%emt 0:00:56]} e6 {[%emt 0:00:09]} 8. O-O {[%emt 0:05:25]} Qe7 {[%emt 0:00:57]} 9. a3 {[%emt 0:02:37]} O-O {[%emt 0:00:38]} 10. Nc3 {[%emt 0:05:00]} Ne4 {[%emt 0:02:03]} 11. Qb3 {[%emt 0:06:58]} d6 {[%emt 0:14:27]} 12. Nxe4 {[%emt 0:06:25]} Bxe4 {[%emt 0:00:17]} 13. Nd2 {[%emt 0:02:06]} Bxg2 {[%emt 0:00:12]} 14. Kxg2 {[%emt 0:00:02]} Nd7 {[%emt 0:01:39]} 15. e3 {[%emt 0:07:18]} a5 {[%emt 0:06:54]} 16. Rfd1 {[%emt 0:06:31]} g5 {[%emt 0:08:31]} 17. d5 {[%emt 0:05:45]} Bxb2 {[%emt 0:12:32]} 18. Qxb2 {[%emt 0:00:02]} e5 {[%emt 0:00:15]} 19. f3 {[%emt 0:08:07]} h5 {[%emt 0:01:47]} 20. Qc2 {[%emt 0:03:17]} Qg7 {[%emt 0:02:47]} 21. b5 {[%emt 0:04:08]} f4 {[%emt 0:09:51]} 22. Rf1 {[%emt 0:01:53]} g4 23. Rae1 h4 {[%emt 0:11:06]} 24. gxf4 {[%emt 0:12:03]} g3 {[%emt 0:03:48]} 25. h3 {[%emt 0:03:39]} exf4 {[%emt 0:00:22]} 26. e4 {[%emt 0:04:03]} a4 {[%emt 0:02:33]} 27. Re2 {[%emt 0:00:30]} Rf7 {[%emt 0:03:27]} 28. Rd1 {[%emt 0:02:03]} Ne5 {[%emt 0:00:08]} 29. Qc3 {[%emt 0:00:45]} Qg5 {[%emt 0:02:37]} 30. Rf1 {[%emt 0:01:45]} Re7 {[%emt 0:01:26]} 31. Rd1 {[%emt 0:00:31]} Qf6 {[%emt 0:00:52]} 32. Rc1 {[%emt 0:01:35]} Rf8 {[%emt 0:00:42]} 33. Nb1 {[%emt 0:01:59]} Qg6 {[%emt 0:01:13]} 34. Nd2 {[%emt 0:00:40]} Nf7 {[%emt 0:00:07]} 35. Rh1 {[%emt 0:01:19]} Nh6 {[%emt 0:00:09]} 36. Rhe1 {[%emt 0:02:13]} Rfe8 {[%emt 0:01:18]} 37. Qd3 {[%emt 0:01:25]} Re5 {[%emt 0:00:20]} 38. Nb1 {[%emt 0:00:33]} Rf8 {[%emt 0:00:52]} 39. Nc3 {[%emt 0:00:42]} Qh7 {[%emt 0:01:52]} 40. Rf1 {[%emt 0:00:00]} Rfe8 {[%emt 0:00:00]} 41. Qd2 {[%emt 0:02:05]} Qf7 {[%emt 0:02:30]} 42. Ree1 {[%emt 0:02:17]} Rf8 {[%emt 0:01:24]} 43. Qd3 {[%emt 0:00:43]} Qe8 {[%emt 0:01:14]} 44. Ne2 {[%emt 0:01:46]} Nf7 {[%emt 0:08:52]} 45. Nd4 {[%emt 0:03:48]} Ng5 {[%emt 0:00:05]} 46. Rh1 {[%emt 0:03:57]} Qg6 {[%emt 0:00:11]} 47. Re2 {[%emt 0:02:40]} Kh7 {[%emt 0:00:05]} 48. Ree1 {[%emt 0:03:55]} Rfe8 {[%emt 0:01:10]} 49. Re2 {[%emt 0:01:36]} Kh6 {[%emt 0:06:23]} 50. Rhe1 {[%emt 0:02:31]} Kh5 {[%emt 0:01:09]} 51. Rh1 {[%emt 0:01:20]} Qg7 {[%emt 0:02:06]} 52. Ree1 {[%emt 0:01:32]} Kg6 {[%emt 0:03:17]} 53. Ne2 {[%emt 0:02:10]} Kh6 {[%emt 0:02:43]} 54. Nc3 {[%emt 0:00:35]} R5e7 {[%emt 0:01:11]} 55. Re2 {[%emt 0:01:14]} Nf7 {[%emt 0:00:04]} 56. Nb1 {[%emt 0:00:34]} Ne5 {[%emt 0:00:24]} 57. Qc3 {[%emt 0:00:38]} Qg6 58. Nd2 {[%emt 0:00:32]} Nd7 {[%emt 0:01:43]} 59. Rd1 {[%emt 0:01:05]} Nc5 {[%emt 0:00:06]} 60. Ree1 {[%emt 0:01:08]} Qh5 {[%emt 0:01:02]} 61. Qc2 {[%emt 0:01:15]} Qe5 {[%emt 0:00:17]} 62. Re2 {[%emt 0:01:31]} Ra8 {[%emt 0:01:19]} 63. Nb1 {[%emt 0:00:33]} Rae8 {[%emt 0:03:47]} 64. Nc3 {[%emt 0:00:36]} Nd7 {[%emt 0:01:11]} 65. Ree1 {[%emt 0:00:50]} Qh5 {[%emt 0:00:33]} 66. Nb1 {[%emt 0:00:35]} Ne5 {[%emt 0:00:34]} 67. Nd2 {[%emt 0:00:18]} Nf7 {[%emt 0:00:02]} 68. Qd3 {[%emt 0:01:22]} Ng5 {[%emt 0:00:06]} 69. Rh1 {[%emt 0:00:23]} Qg6 {[%emt 0:01:32]} 70. Rde1 {[%emt 0:00:28]} Qf6 {[%emt 0:00:03]} 71. Re2 {[%emt 0:00:31]} Qf5 {[%emt 0:00:38]} 72. Ree1 {[%emt 0:00:59]} Qg6 {[%emt 0:00:44]} 73. Re2 {[%emt 0:00:43]} Qg7 {[%emt 0:00:29]} 74. Ree1 {[%emt 0:01:02]} Qb2 {[%emt 0:00:04]} 75. Re2 {[%emt 0:02:41]} Qf6 {[%emt 0:00:50]} 76. Ree1 {[%emt 0:00:19]} c5 {[%emt 0:00:02]} 77. bxc6 {[%emt 0:00:43]} Nf7 {[%emt 0:00:51]} 78. Re2 {[%emt 0:00:15]} Ne5 {[%emt 0:00:12]} 79. Qc3 {[%emt 0:00:11]} Rb8 {[%emt 0:00:37]} 80. Rb1 {[%emt 0:00:17]} Qf8 {[%emt 0:00:57]} 81. Ree1 {[%emt 0:00:51]} Qc8 {[%emt 0:00:21]} 82. Qd4 {[%emt 0:01:38]} Kg6 {[%emt 0:00:29]} 83. Re2 {[%emt 0:00:47]} Nf7 {[%emt 0:00:12]} 84. Ree1 {[%emt 0:00:34]} Ng5 {[%emt 0:00:33]} 85. Rh1 {[%emt 0:00:04]} Ra7 {[%emt 0:01:00]} 86. Rxb6 {[%emt 0:01:15]} Qc7 {[%emt 0:00:30]} 87. Rxb8 {[%emt 0:01:03]} Qxb8 {[%emt 0:00:03]} 88. c5 {[%emt 0:00:42]} dxc5 {[%emt 0:00:04]} 89. Qxc5 {[%emt 0:00:37]} Qb2 {[%emt 0:00:33]} 90. Rd1 {[%emt 0:00:33]} Nxe4 {[%emt 0:00:31]} 91. fxe4 {[%emt 0:00:25]} f3+ {[%emt 0:00:03]} 92. Kxf3 {[%emt 0:00:34]} Rf7+ {[%emt 0:00:16]} 93. Ke2 {[%emt 0:00:30]} Qe5 {[%emt 0:00:32]} 94. Rf1 {[%emt 0:00:34]} Qh5+ {[%emt 0:01:00]} 95. Ke1 {[%emt 0:00:15]} Rxf1+ {[%emt 0:00:10]} 96. Nxf1 Qe5 {[%emt 0:01:47]} 97. c7 {[%emt 0:01:10]} Qxe4+ {[%emt 0:00:30]} 98. Ne3 {[%emt 0:00:10]} Qb1+ {[%emt 0:00:32]} 99. Kd2 {[%emt 0:00:28]} 1-0

[Event "71st RUS-ch Higher League 2018"]
[Site "Yaroslavl"]
[Date "2018.07.04"]
[Round "8"]
[White "Usmanov, Vasily"]
[Black "Turov, Maxim"]
[Result "1/2-1/2"]
[WhiteElo "2477"]
[BlackElo "2600"]
[Annotator "TA"]
[PlyCount "80"]
[EventDate "2018.06.26"]
[EventType "swiss"]
[EventCountry "RUS"]
[SourceTitle "playchess.com"]
[Source "ChessBase"]
[SourceQuality "1"]

{[%evp 23,80,36,47,0,0,0,11,0,20,0,63,0,0,0,0,0,29,6,0,12,35,26,120,51,50,44,91,81,77,84,86,80,89,59,81,81,118,115,112,86,288,124,124,124,124,129,134,41,57,20,91,87,93,0,0,0,0,0,0]} 1. Nf3 Nf6 2. c4 g6 3. Nc3 Bg7 4. e4 d6 5. d4 O-O 6. Be2 Bg4 7. Be3 Nfd7 8. Rc1 a5 9. O-O Na6 {[%cal Bb8a6,Ba6c5,Bc5e4][%mdl 32]} 10. h3 Bxf3 11. Bxf3 e5 12. d5 f5 13. exf5 $146 {E91: King's Indian: Classical: 6 Be2, unusual replies including 6...c5 and 6...Bg4} ({Predecessor:} 13. a3 Nf6 14. exf5 gxf5 15. b4 axb4 16. axb4 Nxb4 17. Rb1 Na6 18. Rxb7 e4 19. Be2 Nd7 20. Bd4 Bxd4 21. Qxd4 {0-1 (58) Mirzoeva,E (2344)-Savina,A (2384) Kolomna 2016}) 13... gxf5 14. Be2 Nac5 15. Qd2 Nf6 16. Qc2 {Strongly threatening Bxc5.} Qd7 (16... Nfd7 $11) 17. f4 ({White should try} 17. Kh2 $14) 17... exf4 $11 18. Bxf4 Nfe4 19. Nxe4 Nxe4 20. Rce1 Bd4+ 21. Kh2 Qg7 22. Bd3 Bxb2 (22... Rae8 $11) 23. Bxe4 (23. Rf3 $1 $16 Kh8 24. Bxe4 fxe4 25. Rg3) 23... fxe4 $14 24. Qxe4 Rxf4 25. Qxf4 Be5 26. Rxe5 $1 Qxe5 27. Qxe5 dxe5 $16 {[%mdl 4096] Endgame KR-KR} 28. Kg3 a4 29. a3 Ra5 30. Rb1 $1 Rc5 31. Rb4 $1 ({Don't play} 31. Rxb7 $6 Rxc4 32. Kf3 Kf8 $11) 31... b5 $2 (31... Kf7 $16) 32. cxb5 (32. d6 $1 $18 {[%cal Rd6d7] is the precise move to win. aiming for d7.} cxd6 33. cxb5) 32... Rxd5 {[#]} 33. Kg4 $1 Kf7 {[#]} 34. Kf5 $1 Ke7 35. Rxa4 ({White should play} 35. g4 $16) 35... Rxb5 $14 36. Rh4 {Black must now prevent g4.} e4+ (36... h5 $1 $11) 37. Kxe4 h5 38. Kd4 ({Better is} 38. Kf3 $16) 38... Ra5 $1 $11 {[%cal Ra5a4] Hoping for ...Ra4+.The position is equal.} 39. Kc3 Rxa3+ 40. Kb4 Rg3 {Precision: White = 39%, Black = 26%.} 1/2-1/2